The achievement of Sherwood Anderson ; essays in criticism.

Bibliographic Details
Main Author: White, Ray Lewis
Format: Book
Language:English
Published: Chapel Hill : University of North Carolina Press, [1966]
Subjects:

MARC

Tag First Indicator Second Indicator Subfields
LEADER 00000cam a22000001 4500
001 in00000035346
005 20151007060750.0
008 711020s1966 ncu b 00000 eng
010 |a  66025354  
035 |a (OCoLC)00276748 
035 |9 AAD0110AM 
040 |a DLC  |c DLC  |d TXA  |d UtOrBLW 
049 |a TXAM  |c 1 [A01263357], 2 [A11187927] 
050 0 0 |a PS3501.N4  |b Z95 
082 0 |a 818.5209 
100 1 |a White, Ray Lewis. 
245 1 4 |a The achievement of Sherwood Anderson ;  |b essays in criticism. 
264 1 |a Chapel Hill :  |b University of North Carolina Press,  |c [1966] 
300 |a 270 pages ;  |c 24 cm. 
336 |a text  |b txt  |2 rdacontent 
337 |a unmediated  |b n  |2 rdamedia 
338 |a volume  |b nc  |2 rdacarrier 
504 |a Bibliography: pages [261]-263. 
600 1 0 |a Anderson, Sherwood,  |d 1876-1941. 
999 |a MARS 
999 f f |s 1600faf2-86ec-39a1-8f6c-1472913c6a4f  |i f36d92c1-1f3d-32d0-8576-64d2ce03a9b3  |t 0 
952 f f |p ric  |a Texas A&M University  |b Rellis Campus  |c Joint Library Facility  |d Remote Storage  |t 0  |e PS3501.N4 Z95  |h Library of Congress classification  |i unmediated -- volume  |m A14811187927 
998 f f |a PS3501.N4 Z95  |t 0  |l Remote Storage